[Event "Stay Safe Play From Home 420"]
[Site "Emanuel Lasker Arena"]
[Date "2020.08.30"]
[Round "1"]
[White "Tran Minh Thang"]
[Black "Mamba2001de"]
[Result "1-0"]
[WhiteElo "2516"]
[BlackElo "1458"]
[Annotator "NA"]
[PlyCount "85"]
[EventDate "2020.08.30"]
[EventType "swiss (blitz)"]

1. Nf3 {[%emt 0:00:01]} e6 {[%emt 0:00:01]} 2. e3 {[%emt 0:00:00]} d5 {[%emt 0:00:01]} 3. b3 {[%emt 0:00:00]} Nf6 {[%emt 0:00:01]} 4. Bb2 {[%emt 0:00:00]} Be7 {[%emt 0:00:00]} 5. c4 {[%emt 0:00:00]} O-O {[%emt 0:00:01]} 6. Qc2 {[%emt 0:00:00]} c5 {[%emt 0:00:02]} 7. Ng5 {[%emt 0:00:00]} Nc6 {[%emt 0:00:01]} 8. Bxf6 {[%emt 0:00:01]} g6 {[%emt 0:00:02]} 9. Bxe7 {[%emt 0:00:01]} Qxe7 {[%emt 0:00:01]} 10. h4 {[%emt 0:00:00]} d4 {[%emt 0:00:01]} 11. a3 {[%emt 0:00:02]} Qf6 {[%emt 0:00:04]} 12. Ne4 {[%emt 0:00:01]} Qe7 {[%emt 0:00:02]} 13. d3 {[%emt 0:00:02]} dxe3 {[%emt 0:00:01]} 14. fxe3 {[%emt 0:00:00]} b6 {[%emt 0:00:01]} 15. Nbc3 {[%emt 0:00:01]} Bb7 {[%emt 0:00:01]} 16. Be2 {[%emt 0:00:00]} Na5 {[%emt 0:00:01]} 17. O-O-O {[%emt 0:00:01]} Bxe4 {[%emt 0:00:01]} 18. Nxe4 {[%emt 0:00:01]} Rad8 {[%emt 0:00:01]} 19. Qc3 {[%emt 0:00:01]} e5 {[%emt 0:00:05]} 20. h5 {[%emt 0:00:01]} Nc6 {[%emt 0:00:02]} 21. hxg6 {[%emt 0:00:00]} fxg6 {[%emt 0:00:01]} 22. Bf3 {[%emt 0:00:00]} Rxf3 {[%emt 0:00:01]} 23. gxf3 {[%emt 0:00:01]} Rf8 {[%emt 0:00:01]} 24. Rdf1 {[%emt 0:00:01]} Rf5 {[%emt 0:00:02]} 25. f4 {[%emt 0:00:00]} b5 {[%emt 0:00:03]} 26. cxb5 {[%emt 0:00:01]} Nd8 {[%emt 0:00:01]} 27. Qxc5 {[%emt 0:00:01]} Qxc5+ {[%emt 0:00:03]} 28. Nxc5 {[%emt 0:00:00]} Ne6 {[%emt 0:00:04]} 29. Nxe6 {[%emt 0:00:01]} Kf7 {[%emt 0:00:01]} 30. fxe5 {[%emt 0:00:01]} Kxe6 {[%emt 0:00:01]} 31. Rxf5 {[%emt 0:00:00]} gxf5 {[%emt 0:00:01]} 32. Rxh7 {[%emt 0:00:00]} Kxe5 {[%emt 0:00:00]} 33. Rxa7 {[%emt 0:00:01]} f4 {[%emt 0:00:00]} 34. exf4+ {[%emt 0:00:01]} Kxf4 {[%emt 0:00:01]} 35. Re7 {[%emt 0:00:00]} Kf3 {[%emt 0:00:01]} 36. Re4 {[%emt 0:00:00]} Kf2 {[%emt 0:00:01]} 37. b6 {[%emt 0:00:00]} Kf1 {[%emt 0:00:00]} 38. b7 {[%emt 0:00:00]} Kf2 {[%emt 0:00:00]} 39. b8=Q {[%emt 0:00:00]} Kf3 {[%emt 0:00:02]} 40. Qf4+ {[%emt 0:00:01]} Kg2 {[%emt 0:00:01]} 41. Re2+ {[%emt 0:00:00]} Kg1 {[%emt 0:00:01]} 42. Qg3+ {[%emt 0:00:00]} Kh1 {[%emt 0:00:01]} 43. Re1# {[%emt 0:00:00] (Lag: Av=0.59s, max=1.4s) (Lag: Av=0.59s, max=1.4s) (Lag: Av=0.59s, max=1.4s)} 1-0

[Event "Stay Safe Play From Home 420"]
[Site "Emanuel Lasker Arena"]
[Date "2020.08.30"]
[Round "1"]
[White "Padmaesh M K"]
[Black "W Nelles"]
[Result "1-0"]
[WhiteElo "1802"]
[BlackElo "1254"]
[Annotator "NA"]
[PlyCount "45"]
[EventDate "2020.08.30"]
[EventType "swiss (blitz)"]

1. Nf3 {[%emt 0:00:01]} d5 {[%emt 0:00:06]} 2. g3 {[%emt 0:00:01]} Nc6 {[%emt 0:00:07]} 3. Bg2 {[%emt 0:00:00]} e6 {[%emt 0:00:01]} 4. c4 {[%emt 0:00:01]} Bd7 {[%emt 0:00:01]} 5. cxd5 {[%emt 0:00:01]} exd5 {[%emt 0:00:01]} 6. d4 {[%emt 0:00:00]} Nf6 {[%emt 0:00:01]} 7. Nc3 {[%emt 0:00:00]} Bb4 {[%emt 0:00:01]} 8. O-O {[%emt 0:00:00]} O-O {[%emt 0:00:01]} 9. Qc2 {[%emt 0:00:01]} Re8 {[%emt 0:00:03]} 10. Bg5 {[%emt 0:00:01]} Bxc3 {[%emt 0:00:02]} 11. bxc3 {[%emt 0:00:01]} h6 {[%emt 0:00:02]} 12. Bd2 {[%emt 0:00:02]} Ne4 {[%emt 0:00:02]} 13. Rab1 {[%emt 0:00:03]} Bf5 {[%emt 0:00:02]} 14. Nh4 {[%emt 0:00:05]} Bh7 {[%emt 0:00:07]} 15. Bxe4 {[%emt 0:00:02]} dxe4 {[%emt 0:00:02]} 16. e3 {[%emt 0:00:01]} f5 {[%emt 0:00:02]} 17. Ng2 {[%emt 0:00:02]} g5 {[%emt 0:00:02]} 18. Qb3+ {[%emt 0:00:01]} Kh8 {[%emt 0:00:03]} 19. Qxb7 {[%emt 0:00:00]} Qe7 {[%emt 0:00:07]} 20. Qxc6 {[%emt 0:00:01]} Rad8 {[%emt 0:00:03]} 21. Qxh6 {[%emt 0:00:02]} Rg8 {[%emt 0:00:02]} 22. Rb7 {[%emt 0:00:04]} Rd6 {[%emt 0:00:01]} 23. Qh3 {[%emt 0:00:02] Zeit Zeit Zeit (Lag: Av=0.63s, max=0.9s) (Lag: Av=0.63s, max=0.9s) (Lag: Av=0.63s, max=0.9s)} 1-0

[Event "Stay Safe Play From Home 420"]
[Site "Emanuel Lasker Arena"]
[Date "2020.08.30"]
[Round "1"]
[White "Dreamsoldier"]
[Black "Stefanone"]
[Result "0-1"]
[WhiteElo "1265"]
[BlackElo "1995"]
[PlyCount "48"]
[EventDate "2020.08.30"]
[EventType "swiss (blitz)"]

1. e4 {[%emt 0:00:03]} e5 {[%emt 0:00:01]} 2. Bc4 {[%emt 0:00:04]} Nf6 {[%emt 0:00:02]} 3. d3 {[%emt 0:00:02]} Bc5 {[%emt 0:00:01]} 4. Bg5 {[%emt 0:00:00]} d6 {[%emt 0:00:02]} 5. Nf3 {[%emt 0:00:00]} Be6 {[%emt 0:00:01]} 6. Bxf6 {[%emt 0:00:02]} Qxf6 {[%emt 0:00:01]} 7. Bxe6 {[%emt 0:00:00]} fxe6 {[%emt 0:00:01]} 8. Nc3 {[%emt 0:00:00]} Nc6 {[%emt 0:00:01]} 9. Ne2 {[%emt 0:00:08]} O-O {[%emt 0:00:01]} 10. O-O {[%emt 0:00:01]} Qg6 {[%emt 0:00:01]} 11. Ng3 {[%emt 0:00:01]} h5 {[%emt 0:00:02]} 12. Nh4 {[%emt 0:00:01]} Qg5 {[%emt 0:00:02]} 13. Nf3 {[%emt 0:00:01]} Qe7 {[%emt 0:00:02]} 14. Nxh5 {[%emt 0:00:01]} Nd4 {[%emt 0:00:01]} 15. Nxd4 {[%emt 0:00:01]} Bxd4 {[%emt 0:00:01]} 16. Qg4 {[%emt 0:00:01]} Qf7 {[%emt 0:00:05]} 17. Kh1 {[%emt 0:00:03]} Bxf2 {[%emt 0:00:02]} 18. Rae1 {[%emt 0:00:03]} g6 {[%emt 0:00:03]} 19. Re2 {[%emt 0:00:05]} Qg7 {[%emt 0:00:04]} 20. Nxg7 {[%emt 0:00:02]} Kxg7 {[%emt 0:00:02]} 21. Rexf2 {[%emt 0:00:03]} Rxf2 {[%emt 0:00:00]} 22. Rxf2 {[%emt 0:00:00]} Rf8 {[%emt 0:00:01]} 23. Rxf8 {[%emt 0:00:02]} Kxf8 {[%emt 0:00:00]} 24. Qxe6 {[%emt 0:00:01]} Kg7 {[%emt 0:00:01] Zaman Zaman Zaman (Lag: Av=0.48s, max=1.1s) (Lag: Av=0.48s, max=1.1s) (Lag: Av=0.48s, max=1.1s)} 0-1

[Event "Stay Safe Play From Home 420"]
[Site "Emanuel Lasker Arena"]
[Date "2020.08.30"]
[Round "1"]
[White "M0ises"]
[Black "NTBT_DHS"]
[Result "0-1"]
[WhiteElo "1190"]
[BlackElo "2580"]
[PlyCount "36"]
[EventDate "2020.08.30"]
[EventType "swiss (blitz)"]

1. e4 {[%emt 0:00:04]} g6 {[%emt 0:00:00]} 2. Nf3 {[%emt 0:00:02]} Bg7 {[%emt 0:00:00]} 3. Bc4 {[%emt 0:00:03]} d6 {[%emt 0:00:00]} 4. d3 {[%emt 0:00:03]} Nf6 {[%emt 0:00:01]} 5. Nc3 {[%emt 0:00:02]} O-O {[%emt 0:00:01]} 6. O-O {[%emt 0:00:01]} c6 {[%emt 0:00:00]} 7. Bg5 {[%emt 0:00:02]} b5 {[%emt 0:00:01]} 8. Bxf6 {[%emt 0:00:07]} Bxf6 {[%emt 0:00:02]} 9. Bb3 {[%emt 0:00:11]} a5 {[%emt 0:00:01]} 10. a3 {[%emt 0:00:02]} Na6 {[%emt 0:00:01]} 11. d4 {[%emt 0:00:05]} Bg4 {[%emt 0:00:02]} 12. h3 {[%emt 0:00:04]} Bxf3 {[%emt 0:00:01]} 13. Qxf3 {[%emt 0:00:02]} Bxd4 {[%emt 0:00:01]} 14. Bxf7+ {[%emt 0:00:05]} Rxf7 {[%emt 0:00:01]} 15. e5 {[%emt 0:00:01]} Rxf3 {[%emt 0:00:01]} 16. gxf3 {[%emt 0:00:01]} Bxc3 {[%emt 0:00:00]} 17. Rae1 {[%emt 0:00:02]} Bxe1 {[%emt 0:00:01]} 18. Rxe1 {[%emt 0:00:02]} dxe5 {[%emt 0:00:01] Tiempo Tiempo (Lag: Av=0.86s, max=3.7s) (Lag: Av=0.86s, max=3.7s) Tiempo (Lag: Av=0.86s, max=3.7s)} 0-1

[Event "Stay Safe Play From Home 420"]
[Site "Emanuel Lasker Arena"]
[Date "2020.08.30"]
[Round "2"]
[White "NTBT_DHS"]
[Black "Stefanone"]
[Result "1-0"]
[WhiteElo "2580"]
[BlackElo "1995"]
[PlyCount "27"]
[EventDate "2020.08.30"]
[EventType "swiss (blitz)"]

1. e4 {[%emt 0:00:01]} e6 {[%emt 0:00:01]} 2. Nf3 {[%emt 0:00:00]} d5 {[%emt 0:00:00]} 3. exd5 {[%emt 0:00:00]} exd5 {[%emt 0:00:00]} 4. d4 {[%emt 0:00:00]} c6 {[%emt 0:00:01]} 5. Bd3 {[%emt 0:00:00]} Nf6 {[%emt 0:00:01]} 6. h3 {[%emt 0:00:00]} g6 {[%emt 0:00:01]} 7. O-O {[%emt 0:00:00]} Bg7 {[%emt 0:00:00]} 8. Re1+ {[%emt 0:00:00]} Be6 {[%emt 0:00:01]} 9. Ng5 {[%emt 0:00:00]} Qd7 {[%emt 0:00:01]} 10. Qe2 {[%emt 0:00:02]} h6 {[%emt 0:00:03]} 11. Nxe6 {[%emt 0:00:01]} fxe6 {[%emt 0:00:00]} 12. Bxg6+ {[%emt 0:00:01]} Ke7 {[%emt 0:00:02]} 13. b3 {[%emt 0:00:02]} Qd6 {[%emt 0:00:01]} 14. Ba3 {[%emt 0:00:01] Stefanone abbandona Stefanone abbandona Stefanone abbandona (Lag: Av=0.72s, max=1.2s) (Lag: Av=0.72s, max=1.2s) (Lag: Av=0.72s, max=1.2s)} 1-0

[Event "Stay Safe Play From Home 420"]
[Site "Emanuel Lasker Arena"]
[Date "2020.08.30"]
[Round "2"]
[White "Tran Minh Thang"]
[Black "Padmaesh M K"]
[Result "1-0"]
[WhiteElo "2516"]
[BlackElo "1803"]
[PlyCount "21"]
[EventDate "2020.08.30"]
[EventType "swiss (blitz)"]

1. Nf3 {[%emt 0:00:01]} d5 {[%emt 0:00:03]} 2. e3 {[%emt 0:00:00]} b6 {[%emt 0:00:00]} 3. c4 {[%emt 0:00:00]} Bb7 {[%emt 0:00:00]} 4. cxd5 {[%emt 0:00:00]} Bxd5 {[%emt 0:00:01]} 5. Nc3 {[%emt 0:00:00]} Nf6 {[%emt 0:00:01]} 6. b3 {[%emt 0:00:00]} Bb7 {[%emt 0:00:01]} 7. Bb2 {[%emt 0:00:00]} e6 {[%emt 0:00:00]} 8. Qc2 {[%emt 0:00:01]} Bd6 {[%emt 0:00:00]} 9. Ne2 {[%emt 0:00:02]} O-O {[%emt 0:00:00]} 10. Ng5 {[%emt 0:00:00]} h6 {[%emt 0:00:01]} 11. Bxf6 {[%emt 0:00:01] Padmaesh M K resigns Padmaesh M K resigns Padmaesh M K resigns (Lag: Av=0.60s, max=0.7s) (Lag: Av=0.60s, max=0.7s) (Lag: Av=0.60s, max=0.7s)} 1-0

[Event "Stay Safe Play From Home 420"]
[Site "Emanuel Lasker Arena"]
[Date "2020.08.30"]
[Round "2"]
[White "Hickey"]
[Black "KING o KONG"]
[Result "1-0"]
[WhiteElo "2326"]
[BlackElo "942"]
[PlyCount "49"]
[EventDate "2020.08.30"]
[EventType "swiss (blitz)"]

1. g3 {[%emt 0:00:02]} e6 {[%emt 0:00:01]} 2. Bg2 {[%emt 0:00:00]} d6 {[%emt 0:00:02]} 3. d4 {[%emt 0:00:02]} g6 {[%emt 0:00:01]} 4. c3 {[%emt 0:00:00]} d5 {[%emt 0:00:01]} 5. e4 {[%emt 0:00:03]} Ne7 {[%emt 0:00:04]} 6. Ne2 {[%emt 0:00:02]} Bg7 {[%emt 0:00:01]} 7. O-O {[%emt 0:00:00]} O-O {[%emt 0:00:02]} 8. Nd2 {[%emt 0:00:01]} b6 {[%emt 0:00:03]} 9. e5 {[%emt 0:00:03]} Nf5 {[%emt 0:00:03]} 10. f4 {[%emt 0:00:00]} Nxg3 {[%emt 0:00:02]} 11. hxg3 {[%emt 0:00:03]} f6 {[%emt 0:00:03]} 12. Nf3 {[%emt 0:00:00]} fxe5 {[%emt 0:00:05]} 13. Nxe5 {[%emt 0:00:00]} Rf5 {[%emt 0:00:04]} 14. Be3 {[%emt 0:00:02]} Qe7 {[%emt 0:00:01]} 15. Qd2 {[%emt 0:00:01]} Nd7 {[%emt 0:00:02]} 16. Bh3 {[%emt 0:00:00]} Rh5 {[%emt 0:00:05]} 17. Bg4 {[%emt 0:00:01]} Rh6 {[%emt 0:00:05]} 18. Kg2 {[%emt 0:00:03]} Nxe5 {[%emt 0:00:01]} 19. fxe5 {[%emt 0:00:02]} Rh4 {[%emt 0:00:04]} 20. Bg5 {[%emt 0:00:01]} Qxg5 {[%emt 0:00:03]} 21. Qxg5 {[%emt 0:00:03]} Rh5 {[%emt 0:00:02]} 22. Bxh5 {[%emt 0:00:01]} gxh5 {[%emt 0:00:01]} 23. Nf4 {[%emt 0:00:01]} Bd7 {[%emt 0:00:01]} 24. Nxh5 {[%emt 0:00:00]} Rf8 {[%emt 0:00:02]} 25. Qxg7# {[%emt 0:00:00] (Lag: Av=0.62s, max=0.8s) (Lag: Av=0.62s, max=0.8s) (Lag: Av=0.62s, max=0.8s) Mate Mate Mate} 1-0

[Event "Stay Safe Play From Home 420"]
[Site "Emanuel Lasker Arena"]
[Date "2020.08.30"]
[Round "2"]
[White "Didi1"]
[Black "Mamba2001de"]
[Result "1-0"]
[WhiteElo "1413"]
[BlackElo "1458"]
[Annotator "NA"]
[PlyCount "81"]
[EventDate "2020.08.30"]
[EventType "swiss (blitz)"]

1. e4 {[%emt 0:00:05]} e6 {[%emt 0:00:01]} 2. d4 {[%emt 0:00:04]} d5 {[%emt 0:00:01]} 3. exd5 {[%emt 0:00:02]} exd5 {[%emt 0:00:01]} 4. Nf3 {[%emt 0:00:00]} Nf6 {[%emt 0:00:01]} 5. Bd3 {[%emt 0:00:00]} Be7 {[%emt 0:00:01]} 6. c3 {[%emt 0:00:00]} O-O {[%emt 0:00:01]} 7. O-O {[%emt 0:00:00]} Bg4 {[%emt 0:00:01]} 8. Re1 {[%emt 0:00:00]} Nbd7 {[%emt 0:00:01]} 9. Bf4 {[%emt 0:00:01]} Re8 {[%emt 0:00:01]} 10. Nbd2 {[%emt 0:00:00]} c6 {[%emt 0:00:01]} 11. Bg3 {[%emt 0:00:01]} a5 {[%emt 0:00:02]} 12. Qb3 {[%emt 0:00:01]} b5 {[%emt 0:00:02]} 13. Nf1 {[%emt 0:00:01]} a4 {[%emt 0:00:01]} 14. Qc2 {[%emt 0:00:03]} h6 {[%emt 0:00:01]} 15. Ne3 {[%emt 0:00:01]} Be6 {[%emt 0:00:02]} 16. Ne5 {[%emt 0:00:02]} b4 {[%emt 0:00:01]} 17. Nxd7 {[%emt 0:00:03]} Qxd7 {[%emt 0:00:01]} 18. Nf5 {[%emt 0:00:01]} Bxf5 {[%emt 0:00:01]} 19. Bxf5 {[%emt 0:00:01]} Qb7 {[%emt 0:00:02]} 20. Be5 {[%emt 0:00:00]} bxc3 {[%emt 0:00:02]} 21. bxc3 {[%emt 0:00:02]} a3 {[%emt 0:00:02]} 22. Rab1 {[%emt 0:00:01]} Qa6 {[%emt 0:00:03]} 23. Rb3 {[%emt 0:00:01]} Qc4 {[%emt 0:00:02]} 24. h3 {[%emt 0:00:00]} Ne4 {[%emt 0:00:05]} 25. Bxe4 {[%emt 0:00:02]} dxe4 {[%emt 0:00:01]} 26. Qxe4 {[%emt 0:00:01]} Bf6 {[%emt 0:00:02]} 27. Qg4 {[%emt 0:00:02]} Bxe5 {[%emt 0:00:02]} 28. dxe5 {[%emt 0:00:01]} Qxg4 {[%emt 0:00:06]} 29. hxg4 {[%emt 0:00:02]} Re6 {[%emt 0:00:01]} 30. f4 {[%emt 0:00:00]} Rae8 {[%emt 0:00:02]} 31. Rb6 {[%emt 0:00:01]} f6 {[%emt 0:00:02]} 32. Reb1 {[%emt 0:00:00]} fxe5 {[%emt 0:00:01]} 33. fxe5 {[%emt 0:00:01]} Rxe5 {[%emt 0:00:00]} 34. Rb8 {[%emt 0:00:01]} Re3 {[%emt 0:00:01]} 35. Rxe8+ {[%emt 0:00:02]} Rxe8 {[%emt 0:00:02]} 36. Rb3 {[%emt 0:00:00]} Rc8 {[%emt 0:00:01]} 37. Rxa3 {[%emt 0:00:01]} Rb8 {[%emt 0:00:01]} 38. Rb3 {[%emt 0:00:02]} Rc8 {[%emt 0:00:01]} 39. a4 {[%emt 0:00:02]} Kf7 {[%emt 0:00:00]} 40. a5 {[%emt 0:00:01]} Ke6 {[%emt 0:00:00] ' ' '} 41. a6 {[%emt 0:00:01] Zeit Zeit Zeit} 1-0

[Event "Stay Safe Play From Home 420"]
[Site "Emanuel Lasker Arena"]
[Date "2020.08.30"]
[Round "2"]
[White "W Nelles"]
[Black "Ao017545"]
[Result "0-1"]
[WhiteElo "1253"]
[BlackElo "1657"]
[Annotator "NA"]
[PlyCount "40"]
[EventDate "2020.08.30"]
[EventType "swiss (blitz)"]

1. e4 {[%emt 0:00:01]} e5 {[%emt 0:00:00]} 2. Nf3 {[%emt 0:00:01]} Nf6 {[%emt 0:00:00]} 3. Bd3 {[%emt 0:00:01]} Bc5 {[%emt 0:00:01]} 4. O-O {[%emt 0:00:01]} O-O {[%emt 0:00:02]} 5. c3 {[%emt 0:00:01]} d6 {[%emt 0:00:01]} 6. b4 {[%emt 0:00:01]} Bb6 {[%emt 0:00:02]} 7. a4 {[%emt 0:00:01]} c6 {[%emt 0:00:01]} 8. c4 {[%emt 0:00:01]} Bc7 {[%emt 0:00:01]} 9. c5 {[%emt 0:00:02]} dxc5 {[%emt 0:00:03]} 10. Bc4 {[%emt 0:00:02]} Bg4 {[%emt 0:00:04]} 11. h3 {[%emt 0:00:02]} Bxf3 {[%emt 0:00:01]} 12. Qxf3 {[%emt 0:00:02]} Qd4 {[%emt 0:00:01]} 13. Nc3 {[%emt 0:00:05]} Qxc4 {[%emt 0:00:01]} 14. Bb2 {[%emt 0:00:01]} cxb4 {[%emt 0:00:03]} 15. Ne2 {[%emt 0:00:04]} Nxe4 {[%emt 0:00:06]} 16. d3 {[%emt 0:00:02]} Qc2 {[%emt 0:00:03]} 17. Qxe4 {[%emt 0:00:03]} Qxb2 {[%emt 0:00:01]} 18. Ng3 {[%emt 0:00:04]} Nd7 {[%emt 0:00:02]} 19. Nf5 {[%emt 0:00:01]} Nf6 {[%emt 0:00:01]} 20. h4 {[%emt 0:00:07]} Nxe4 {[%emt 0:00:03] W Nelles gibt auf W Nelles gibt auf W Nelles gibt auf (Lag: Av=0.86s, max=1.2s) (Lag: Av=0.86s, max=1.2s) (Lag: Av=0.86s, max=1.2s)} 0-1

[Event "Stay Safe Play From Home 420"]
[Site "Emanuel Lasker Arena"]
[Date "2020.08.30"]
[Round "3"]
[White "Stefanone"]
[Black "Didi1"]
[Result "1-0"]
[WhiteElo "1994"]
[BlackElo "1432"]
[PlyCount "81"]
[EventDate "2020.08.30"]
[EventType "swiss (blitz)"]

1. d4 {[%emt 0:00:01]} e6 {[%emt 0:00:01]} 2. e3 {[%emt 0:00:00]} d5 {[%emt 0:00:01]} 3. f4 {[%emt 0:00:00]} c5 {[%emt 0:00:00]} 4. Nf3 {[%emt 0:00:00]} cxd4 {[%emt 0:00:01]} 5. exd4 {[%emt 0:00:00]} Nc6 {[%emt 0:00:00]} 6. c3 {[%emt 0:00:00]} Qb6 {[%emt 0:00:00]} 7. Bd3 {[%emt 0:00:01]} Nge7 {[%emt 0:00:01]} 8. O-O {[%emt 0:00:01]} Nf5 {[%emt 0:00:00]} 9. Bxf5 {[%emt 0:00:02]} exf5 {[%emt 0:00:01]} 10. Re1+ {[%emt 0:00:00]} Be6 {[%emt 0:00:01]} 11. Ng5 {[%emt 0:00:01]} Nd8 {[%emt 0:00:02]} 12. Qe2 {[%emt 0:00:02]} Be7 {[%emt 0:00:00]} 13. Nf3 {[%emt 0:00:01]} O-O {[%emt 0:00:01]} 14. Ne5 {[%emt 0:00:01]} Nc6 {[%emt 0:00:00]} 15. Be3 {[%emt 0:00:01]} Rfe8 {[%emt 0:00:01]} 16. Na3 {[%emt 0:00:02]} Bxa3 {[%emt 0:00:02]} 17. bxa3 {[%emt 0:00:01]} Rad8 {[%emt 0:00:00]} 18. Rab1 {[%emt 0:00:01]} Qc7 {[%emt 0:00:01]} 19. g4 {[%emt 0:00:03]} b6 {[%emt 0:00:00]} 20. g5 {[%emt 0:00:02]} g6 {[%emt 0:00:02]} 21. h4 {[%emt 0:00:02]} Na5 {[%emt 0:00:01]} 22. Qh2 {[%emt 0:00:01]} Nc4 {[%emt 0:00:01]} 23. h5 {[%emt 0:00:01]} Nxe3 {[%emt 0:00:01]} 24. Rxe3 {[%emt 0:00:01]} Qe7 {[%emt 0:00:04]} 25. hxg6 {[%emt 0:00:01]} fxg6 {[%emt 0:00:02]} 26. Rbe1 {[%emt 0:00:04]} Qg7 {[%emt 0:00:00]} 27. Nc6 {[%emt 0:00:03]} Rd6 {[%emt 0:00:03]} 28. Ne5 {[%emt 0:00:02]} Bc8 {[%emt 0:00:03]} 29. Rh3 {[%emt 0:00:01]} Re7 {[%emt 0:00:08]} 30. Qg2 {[%emt 0:00:01]} Qh8 {[%emt 0:00:03]} 31. c4 {[%emt 0:00:04]} Ba6 {[%emt 0:00:00]} 32. cxd5 {[%emt 0:00:02]} Rxd5 {[%emt 0:00:01]} 33. Qxd5+ {[%emt 0:00:02]} Kg7 {[%emt 0:00:05]} 34. Rhe3 {[%emt 0:00:03]} Qe8 {[%emt 0:00:02]} 35. Qf3 {[%emt 0:00:02]} Bb7 {[%emt 0:00:01]} 36. d5 {[%emt 0:00:01]} Bxd5 {[%emt 0:00:02]} 37. Qxd5 {[%emt 0:00:01]} Qa4 {[%emt 0:00:02]} 38. R1e2 {[%emt 0:00:02]} Qxf4 {[%emt 0:00:01]} 39. Qf3 {[%emt 0:00:01]} Qxg5+ {[%emt 0:00:01]} 40. Kf2 {[%emt 0:00:01]} Qh4+ {[%emt 0:00:01]} 41. Qg3 {[%emt 0:00:01] TimeB TimeB TimeB} 1-0

[Event "Stay Safe Play From Home 420"]
[Site "Emanuel Lasker Arena"]
[Date "2020.08.30"]
[Round "3"]
[White "Ao017545"]
[Black "Hickey"]
[Result "0-1"]
[WhiteElo "1660"]
[BlackElo "2326"]
[Annotator "NA"]
[PlyCount "58"]
[EventDate "2020.08.30"]
[EventType "swiss (blitz)"]

1. e4 {[%emt 0:00:01]} c6 {[%emt 0:00:01]} 2. Nf3 {[%emt 0:00:00]} d5 {[%emt 0:00:00]} 3. exd5 {[%emt 0:00:02]} cxd5 {[%emt 0:00:00]} 4. d4 {[%emt 0:00:02]} Nf6 {[%emt 0:00:00]} 5. Bb5+ {[%emt 0:00:01]} Bd7 {[%emt 0:00:01]} 6. Bd3 {[%emt 0:00:03]} Bg4 {[%emt 0:00:05]} 7. Be2 {[%emt 0:00:02]} e6 {[%emt 0:00:01]} 8. h3 {[%emt 0:00:01]} Bxf3 {[%emt 0:00:02]} 9. Bxf3 {[%emt 0:00:01]} Nc6 {[%emt 0:00:01]} 10. c3 {[%emt 0:00:00]} Bd6 {[%emt 0:00:01]} 11. Bg5 {[%emt 0:00:03]} Bc7 {[%emt 0:00:01]} 12. Be2 {[%emt 0:00:02]} Qd6 {[%emt 0:00:01]} 13. Nd2 {[%emt 0:00:02]} O-O {[%emt 0:00:02]} 14. Nb3 {[%emt 0:00:01]} Ne4 {[%emt 0:00:02]} 15. Bh4 {[%emt 0:00:03]} f5 {[%emt 0:00:02]} 16. Qd3 {[%emt 0:00:05]} g5 {[%emt 0:00:02]} 17. f3 {[%emt 0:00:05]} gxh4 {[%emt 0:00:02]} 18. fxe4 {[%emt 0:00:01]} fxe4 {[%emt 0:00:00]} 19. Qe3 {[%emt 0:00:03]} Qg3+ {[%emt 0:00:12]} 20. Kd2 {[%emt 0:00:06]} Bf4 {[%emt 0:00:02]} 21. Kc2 {[%emt 0:00:06]} Qxe3 {[%emt 0:00:02]} 22. Nd2 {[%emt 0:00:01]} Qd3+ {[%emt 0:00:01]} 23. Kb3 {[%emt 0:00:00]} Qxd2 {[%emt 0:00:02]} 24. Bh5 {[%emt 0:00:02]} e5 {[%emt 0:00:03]} 25. Rad1 {[%emt 0:00:00]} exd4 {[%emt 0:00:00]} 26. Rxd2 {[%emt 0:00:01]} Bxd2 {[%emt 0:00:00]} 27. Rd1 {[%emt 0:00:02]} dxc3 {[%emt 0:00:01]} 28. bxc3 {[%emt 0:00:02]} e3 {[%emt 0:00:00]} 29. Rxd2 {[%emt 0:00:01]} d4 {[%emt 0:00:00] Zaman Zaman Zaman (Lag: Av=0.78s, max=1.4s) (Lag: Av=0.78s, max=1.4s) (Lag: Av=0.78s, max=1.4s)} 0-1

[Event "Stay Safe Play From Home 420"]
[Site "Emanuel Lasker Arena"]
[Date "2020.08.30"]
[Round "3"]
[White "Mamba2001de"]
[Black "KING o KONG"]
[Result "1-0"]
[WhiteElo "1439"]
[BlackElo "942"]
[Annotator "NA"]
[PlyCount "49"]
[EventDate "2020.08.30"]
[EventType "swiss (blitz)"]

1. e4 {[%emt 0:00:02]} e6 {[%emt 0:00:02]} 2. Nf3 {[%emt 0:00:01]} d6 {[%emt 0:00:01]} 3. d4 {[%emt 0:00:01]} Nc6 {[%emt 0:00:02]} 4. Nc3 {[%emt 0:00:01]} b6 {[%emt 0:00:02]} 5. Be3 {[%emt 0:00:01]} h6 {[%emt 0:00:01]} 6. Bb5 {[%emt 0:00:01]} Bb7 {[%emt 0:00:02]} 7. d5 {[%emt 0:00:01]} a6 {[%emt 0:00:03]} 8. Bxc6+ {[%emt 0:00:01]} Bxc6 {[%emt 0:00:01]} 9. dxc6 {[%emt 0:00:01]} Be7 {[%emt 0:00:04]} 10. O-O {[%emt 0:00:01]} Nf6 {[%emt 0:00:02]} 11. e5 {[%emt 0:00:01]} d5 {[%emt 0:00:04]} 12. exf6 {[%emt 0:00:01]} Bxf6 {[%emt 0:00:02]} 13. Bd4 {[%emt 0:00:01]} Bxd4 {[%emt 0:00:02]} 14. Nxd4 {[%emt 0:00:01]} Qd6 {[%emt 0:00:01]} 15. Re1 {[%emt 0:00:02]} O-O-O {[%emt 0:00:02]} 16. Qg4 {[%emt 0:00:02]} g5 {[%emt 0:00:03]} 17. Nxe6 {[%emt 0:00:01]} fxe6 {[%emt 0:00:01]} 18. Rxe6 {[%emt 0:00:01]} Qc5 {[%emt 0:00:07]} 19. Rxh6+ {[%emt 0:00:04]} Kb8 {[%emt 0:00:02]} 20. Rxh8 {[%emt 0:00:01]} Rxh8 {[%emt 0:00:01]} 21. Qxg5 {[%emt 0:00:01]} Rd8 {[%emt 0:00:06]} 22. Qxd8+ {[%emt 0:00:08]} Ka7 {[%emt 0:00:03]} 23. h3 {[%emt 0:00:01]} Qxc6 {[%emt 0:00:01]} 24. Rd1 {[%emt 0:00:03]} a5 {[%emt 0:00:05]} 25. Qxd5 {[%emt 0:00:01] TimeB TimeB TimeB} 1-0